00317nam a2200121Ia 4500008004100000020002200041041000800063082002700071100001400098245003700112260003700149300000900186230411s9999 xx 000 0 und d a978-93-5152-292-8 aeng aMS/610.7361/PAU/B08212 aPaul Arun aCritical Care Defined Dictionary bJaypee BrothersaNew Delhic2014 a276p